000 00590nam a22001817a 4500
005 20251108171044.0
008 250721s1996 xx 000 0 ara d
082 1 4 _a347.030565/حاز
100 1 _aالصمادي، حازم نعيم
245 1 0 _aقرارات محكمة إستئناف عمان في الأمور المستعجلة /
264 1 _aعمان :
_bدار اليازوري العلمية،
_c1996.
300 _a357ص
650 1 7 _aمحاكم الإستئناف
650 1 7 _aالأردن
650 1 7 _aالقانون المدني
942 _2ddc
_cBK
999 _c55459
_d55459